Ekonomické a sociálne súvislosti integrácie Slovenska do Európskej únie

Význam inštitucionálneho prostredia. Zámery inštitucionálnych reforiem. Inštitucionálne zmeny na Slovensku majú priblížiť krajinu inštitucionálnemu prostrediu EÚ. Vplyv inštitucionálnych zmien na domáci sektor. Postupné prijímanie legislatívy EÚ Slovenskom. Hlavné úlohy hospodárskej politiky. Priest...

ver descrição completa

Na minha lista:
Detalhes bibliográficos
Autor principal: Šikula, Milan
Formato: Capítulo de Livro
Idioma:eslovaco
Assuntos:
Tags: Adicionar Tag
Sem tags, seja o primeiro a adicionar uma tag!

MARC

LEADER 00000naa$a2200000$$$4500
001 0001627
005 20230927091851.9
041 0 |a slo 
044 |a SK 
245 1 0 |a Ekonomické a sociálne súvislosti integrácie Slovenska do Európskej únie  |c aut. Milan Šikula 
520 |a Význam inštitucionálneho prostredia. Zámery inštitucionálnych reforiem. Inštitucionálne zmeny na Slovensku majú priblížiť krajinu inštitucionálnemu prostrediu EÚ. Vplyv inštitucionálnych zmien na domáci sektor. Postupné prijímanie legislatívy EÚ Slovenskom. Hlavné úlohy hospodárskej politiky. Priestor na formovanie vlastnej hospodárskej politiky. Konvertibilita s hospodárskou politikou EÚ. Pokrač. 
610 2 0 |a Európska únia 
610 2 0 |a Slovensko 
610 2 0 |a integrácia ekonomická medzinárodná 
610 2 0 |a inštitúcia 
610 2 0 |a politika hospodárska 
100 1 |a Šikula, Milan